Gewürze und Kräuter ganz nah - Statistiken

Allgemein
  • Dieses Quiz wurde 1.712 mal gespielt
  • Das Durchschnittsergebnis liegt bei 13 aus 20
Antwortstatistiken
Bildquiz Antwort % Korrekt
Zimt
99%
Chili
98%
Ingwer
96%
Pfeffer
94%
Curry
87%
Rosmarin
85%
Muskatnuss
81%
Lorbeerblätter
80%
Kümmel
77%
Sternanis
76%
Nelken
71%
Paprika
69%
Dill
68%
Oregano
44%
Zitronengras
36%
Kardamom
31%
Schwarzkümmel
26%
Liebstöckel
21%
Majoran
20%
Piment
20%
Keine übereinstimmenden Quizze gefunden
Verteilung der Resultate
Anzahl Personen mit jedem Resultat
Perzentil nach korrekt beantworteten Fragen
Ihre Resultats-Entwicklung
Sie haben dieses Quiz noch nicht gespielt